| 000 | 00664nam a22002057a 4500 | ||
|---|---|---|---|
| 005 | 20240523085210.0 | ||
| 008 | 240319t ||||| |||| 00| 0 spa d | ||
| 020 | _a9786289529340 | ||
| 040 |
_aCO-BoUCM _cDavid Moreno _dDavid Moreno |
||
| 041 | _aspa | ||
| 100 | 1 |
_aNassar Moor, Camilo _d1954- _9180355 |
|
| 245 | 1 | 0 |
_aUniversos de azar y vacío _cCamilo Nassar Moo |
| 250 | _aPrimera edición. | ||
| 260 |
_aBogotá, COL _bTaller de Edición Rocca _c2023 |
||
| 300 | _a361 pages | ||
| 490 | _aNovela | ||
| 650 |
_aNovela experimental _xCiencia ficcion _9180356 |
||
| 942 |
_2DEWEY _a18 _cLIBRO _e1 _h863.5 _mN265u _n0 |
||
| 999 |
_c324031 _d324031 |
||